|
|
|
|
| LEADER |
00000nab a2200000 a 4500 |
| 001 |
vtls000653641 |
| 003 |
SK-MaSNL |
| 005 |
20260303165505.0 |
| 008 |
140429c1997 xo 0 slo |
| 015 |
|
|
|a SNBRA1998/02-05255
|
| 035 |
|
|
|a CLN000005834
|
| 040 |
|
|
|a SNKBUCL
|b slo
|c SNKBUCL
|e AACR2
|
| 041 |
0 |
|
|a slo
|
| 044 |
|
|
|a xo
|c SK
|
| 080 |
|
|
|a 82:061.7
|2 1997
|
| 080 |
|
|
|a 885.4(087.5):061.7
|2 1997
|
| 080 |
|
|
|a 929 Pavlovič, Jozef
|2 1997
|
| 080 |
|
|
|a 82:929:885.4
|2 1997
|
| 100 |
1 |
|
|a Pifko, Henrich,
|d 1932-
|4 aut
|9 223452
|
| 245 |
1 |
0 |
|a Tvorba pre najmenších ako program
|b cena Trojruža za rok 1997 Jozefovi Pavlovičovi
|c Henrich Pifko
|
| 600 |
1 |
7 |
|a Pavlovič, Jozef,
|d 1934-2020
|2 snkbucl
|9 200363
|
| 650 |
0 |
7 |
|a Trojruža (literárna cena)
|y za r. 1997
|2 snkbucl
|9 1191824
|
| 650 |
0 |
7 |
|a literárne ceny
|y za r. 1997
|2 snkbucl
|9 17509
|
| 655 |
|
7 |
|a články z novín a časopisov
|2 snkbucl
|9 267496
|
| 773 |
0 |
|
|t Bibiana
|g Roč. 5, č. 2 (1997), s. 57-58
|
| 850 |
|
|
|a Slovenská národná knižnica v Martine
|
| 852 |
|
|
|a SNK
|b KIS3GCP
|
| 958 |
|
|
|a LX
|
| 958 |
|
|
|a SK
|
| 992 |
|
|
|a RBX
|
| 999 |
|
|
|c 2072018
|d 2073948
|